000 00512 a2200169 4500
003 Nust
005 20170207153340.0
040 _cNust
082 _a005.1
100 _aTarrar , Ijaz Ajmal Capt BESE-02
245 _aThe Development Of A Geographical Information System (Hard / Softcopy)
_cCapt Ajmal Ijaz Tarrar , Capt Khalid Qureshi, Capt. Aqeel Anwar & Capt. Mohsin shaheen BESE-02
260 _bMCS
_c2000
300 _a62p
538 _aT4 And Shelf No 2
650 _aUG Projects
651 _aUG CS Projects
942 _cTHS
999 _c184271
_d184271